000 00883nam a22002297a 4500
005 20080708114111.0
008 080708t xxu||||| |||| 00| 0 eng d
010 _aENG-90472
020 _a8131303849
_c550.00
035 _aEN-74005
037 _bDBAD / PUB
040 _aDPL
_bEN
082 _a371.3078
100 _aSiddiqui, Mujibul Hasan
245 _aEducational technology /
_cby Mujibul Hasan Siddiqui
260 _aNew Delhi
_bAPH Publishing Corporation
_c2008
270 _a4435-36/7, Ansari Raod, Darya Ganj,
_bNew Delhi
_e110002
300 _aix, 292p.:
_c23 cm (Hb)
_bill
500 _aIncludes bibliographical references & index
942 _2ddc
_cEN
_h371.3078 /
_mSID
999 _c14272
_d14272